000 00675nam a2200265Ia 4500
005 20260121173636.0
008 008 260114s9999 xx 000 0 eng d
020 _a9783319124124
037 _aEBOOK
040 _aCRL
040 _beng
040 _cCRL
041 _2eng
041 _aeng
084 _qCRL
100 _aGert-Jan Hospers Nol Reverda
_91103396
245 0 _aManaging Population Decline in Europe s Urban and Rural Areas
260 _bSpringer
260 _bSpringer
260 _c2015
856 _uhttps://link.springer.com/openurl?genre=book&isbn=978-3-319-12412-4
942 _cEBOOK
999 _c1669141
_d1669141